000 00898nam a22002777a 4500
001 BR8707845
003 BR-BrBNA
005 20230928092754.0
007 ta
008 230509b bl.||||| |||| 00| 0 por d
040 _aBR-BrBNA
_bpor
_cBiblioteca Nacional de Agricultura
041 _a(Por)
072 _aP06
_b0150
090 _ 0150 BR8707845
110 1 _aFundacao de Ciencia e Tecnologia, Porto Alegre, RS (Brasil)
_94844
245 1 _aRelatorio final do projeto de pesquisa aproveitamento energetico da casca de arroz
246 1 _a[Final information of the research project of energetical utilization of rice residues]
260 3 _aPorto Alegre, RS (Brasil):
_c1986.
300 _a170 p.
500 _aSummary (Por); 44 tables; 10 illus.
650 _aCASCA DE ARROZ
650 _aBENEFICIAMENTO
650 _aENERGIA
909 _a202309
_bLucia
_c55
_dLucia Elande
942 _cBK
999 _c41107
_d41107